Sekularisme dalam politik : satu kajian menurut perspektif Islam /
Saved in:
| 主要作者: | |
|---|---|
| 格式: | Thesis 圖書 |
| 語言: | Malay |
| 主題: | |
| 在線閱讀: | http://studentsrepo.um.edu.my/id/eprint/846 |
| 標簽: |
添加標簽
沒有標簽, 成為第一個標記此記錄!
|
| LEADER | 01467cam a2200349 a 4500 | ||
|---|---|---|---|
| 001 | u470576 | ||
| 003 | SIRSI | ||
| 008 | 850208s1999 my t 00 1 may m | ||
| 035 | |a ACM-5372 | ||
| 040 | |a UMM |d UMA |e rda | ||
| 090 | |a BP173.6 |b Mohas | ||
| 091 | |a Microfiche 15141 | ||
| 094 | |a BP42 |b A2 UM 1999 Mohas | ||
| 100 | 0 | 0 | |a Mohd. Adlin Salleh |e author. |
| 245 | 1 | 0 | |a Sekularisme dalam politik : |b satu kajian menurut perspektif Islam / |c Mohd. Adlin B. Salleh. |
| 264 | 1 | |c 1999. | |
| 264 | 4 | |c 1999. | |
| 300 | |a xxi, 187 leaves : |b illustrations ; |c 29 cm. | ||
| 336 | |a text |2 rdacontent | ||
| 337 | |a unmediated |2 rdamedia | ||
| 338 | |a volume |2 rdacarrier | ||
| 500 | |a Microfiche. Kuala Lumpur : University of Malaya Library, 2001. 3 fiches : negative ; 11 x 15 cm. | ||
| 502 | |a Dissertation (M.Usuluddin) -- Jabatan Akidah dan Pemikiran Islam, Bahagian Pengajian Usuluddin, Akademi Pengajian Islam, Universiti Malaya, 1999. | ||
| 504 | |a Bibliography: leaves 170-185. | ||
| 650 | 0 | |a Islam and politics. | |
| 650 | 0 | |a Islam and secularism. | |
| 710 | 2 | 0 | |a Universiti Malaya. |b Jabatan Akidah dan Pemikiran Islam. |
| 856 | 4 | 1 | |u http://studentsrepo.um.edu.my/id/eprint/846 |
| 948 | |a 14/10/2000 |b 26/02/2004 | ||
| 596 | |a 1 12 | ||
| 999 | |a BP173.6 MOHAS |w LC |c 1 |i A508766321 |d 22/7/2018 |e 22/7/2018 |l STACKS |m P01UTAMA |n 19 |r Y |s Y |t TESIS |u 22/12/2000 | ||
| 999 | |a BP42 A2 UM 1999 MOHAS |w LC |c 1 |i A509841827 |d 6/12/2018 |e 6/12/2018 |l STACKS |m P12ISLAMKL |n 2 |r Y |s Y |t TESIS |u 15/1/2001 | ||
